| 000 | 00351nam a2200145Ia 4500 | ||
|---|---|---|---|
| 008 | 230917s9999||||xx |||||||||||||| ||und|| | ||
| 040 |
_e114359 _aMAIN |
||
| 041 | _aEnglish | ||
| 082 | _a320.05 A67D | ||
| 100 | _aArora, Peeyush | ||
| 245 | 0 | _aDictionary of Political Science | |
| 260 |
_aNew Delhi _bSarup _c2007 |
||
| 300 | _a492 p. | ||
| 942 | _cBK | ||
| 999 |
_c139834 _d139834 |
||